[Event "European Women-ch 2023"]
[Site "Petrovac"]
[Date "2023.03.20"]
[Round "3.1"]
[White "Bivol, Alina"]
[Black "Javakhishvili, Lela"]
[Result "1/2-1/2"]
[WhiteElo "2365"]
[BlackElo "2443"]
[Annotator "TA"]
[PlyCount "44"]
[EventDate "2023.03.15"]
[EventType "swiss"]
[EventCountry "MNE"]
[SourceTitle "playchess.com"]
[Source "ChessBase"]
[SourceQuality "1"]

1. e4 c5 2. Nf3 e6 3. g3 d5 4. exd5 exd5 5. d4 Nc6 6. Bg2 Nf6 7. O-O Be7 8. dxc5 Bxc5 9. Nbd2 O-O 10. Nb3 Bb6 11. c3 Bg4 12. h3 Bf5 13. Nbd4 Be4 14. Bf4 Rc8 15. Re1 Na5 16. Nd2 Bxg2 17. Kxg2 Bxd4 18. cxd4 Nc4 19. b3 Nxd2 20. Bxd2 Qd7 21. Rc1 Ne4 22. f3 Nxd2 1/2-1/2

[Event "European Women-ch 2023"]
[Site "Petrovac"]
[Date "2023.03.20"]
[Round "3.1"]
[White "Sieber, Fiona"]
[Black "Makka, Ioulia"]
[Result "0-1"]
[WhiteElo "2217"]
[BlackElo "1949"]
[Annotator "TA"]
[PlyCount "116"]
[EventDate "2023.03.15"]
[EventType "swiss"]
[EventCountry "MNE"]
[SourceTitle "playchess.com"]
[Source "ChessBase"]
[SourceQuality "1"]

1. e4 e5 2. Nc3 Nc6 3. Bc4 d6 4. d3 Nf6 5. f4 exf4 6. Bxf4 Na5 7. Qe2 Bg4 8. Nf3 Nxc4 9. dxc4 Nh5 10. g3 Be7 11. O-O-O Qc8 12. Nd5 Bd8 13. h3 Nxf4 14. gxf4 Bh5 15. Qg2 Rg8 16. e5 c6 17. Nf6+ Bxf6 18. exf6 Qf5 19. Qe2+ Qe6 20. Rhe1 O-O-O 21. Qxe6+ fxe6 22. Rd3 Kd7 23. f5 exf5 24. Re7+ Kc8 25. fxg7 Rd7 26. Rxd7 Kxd7 27. Nd4 Bg6 28. Rb3 Kc8 29. Rg3 Rxg7 30. Nxf5 Rd7 31. Nd4 Re7 32. Kd2 Kc7 33. Rf3 a6 34. c3 Bh5 35. Rf6 Bg6 36. Ne6+ Kb6 37. Nf8 Bb1 38. Rxd6 Bxa2 39. Rd4 Bb1 40. b4 Bf5 41. Rf4 Rf7 42. Rxf5 Rxf5 43. Nxh7 Rh5 44. Nf6 Rxh3 45. Nd7+ Kc7 46. Nc5 Rh8 47. Kd3 Ra8 48. Nb3 b6 49. Kc2 a5 50. c5 a4 51. cxb6+ Kxb6 52. Nd4 c5 53. bxc5+ Kxc5 54. Kb2 Kc4 55. Nc2 Rh8 56. Ne3+ Kb5 57. Nd5 Rd8 58. Ne3 Rd2+ 0-1

[Event "European Women-ch 2023"]
[Site "Petrovac"]
[Date "2023.03.20"]
[Round "3.2"]
[White "Bulmaga, Irina"]
[Black "Mammadova, Gulnar"]
[Result "1-0"]
[WhiteElo "2438"]
[BlackElo "2358"]
[Annotator "TA"]
[PlyCount "143"]
[EventDate "2023.03.15"]
[EventType "swiss"]
[EventCountry "MNE"]
[SourceTitle "playchess.com"]
[Source "ChessBase"]
[SourceQuality "1"]

1. e4 e6 2. d4 d5 3. Nc3 Nf6 4. Bg5 dxe4 5. Nxe4 Be7 6. Bxf6 gxf6 7. Nc3 b6 8. Qf3 c6 9. O-O-O Bb7 10. Nge2 Nd7 11. g4 h5 12. h3 Qc7 13. Bg2 O-O-O 14. Ng3 h4 15. Nge2 Kb8 16. Kb1 b5 17. Nc1 Rhg8 18. Nd3 a6 19. Rhe1 Rg5 20. Qe2 Bd6 21. Ne4 Rgg8 22. a3 f5 23. Nxd6 Qxd6 24. Ne5 Nxe5 25. dxe5 Qc7 26. Rxd8+ Rxd8 27. gxf5 exf5 28. Qh5 Qd7 29. Bf3 Qe6 30. Qxh4 Rd2 31. Kc1 Rd7 32. Rd1 Rxd1+ 33. Bxd1 Qxe5 34. Qg3 f4 35. Qc3 Qxc3 36. bxc3 Kc7 37. h4 Kd6 38. h5 c5 39. h6 Be4 40. Be2 c4 41. Bf3 Bh7 42. Bb7 a5 43. Kd2 Bg6 44. Ba6 Kc5 45. f3 Kb6 46. Bc8 Bh7 47. Bd7 Kc5 48. Be8 f6 49. Bf7 Kd6 50. a4 Kc5 51. axb5 Kxb5 52. Kc1 Kc5 53. Kb2 Kb5 54. Ka3 Kc5 55. Ka4 Kb6 56. Bxc4 Bxc2+ 57. Ka3 Bh7 58. Kb2 Kc6 59. Bb3 Kd6 60. Bc2 f5 61. Ka3 Ke7 62. Ka4 Kf6 63. Kxa5 Bg8 64. Kb5 Bd5 65. Bd1 Kg6 66. c4 Be6 67. c5 Kxh6 68. c6 Kg5 69. Kc5 Bc8 70. Kd6 Kh4 71. Bb3 Kg3 72. Bd5 1-0

[Event "European Women-ch 2023"]
[Site "Petrovac"]
[Date "2023.03.20"]
[Round "3.2"]
[White "Toncheva, Nadya"]
[Black "Buksa, Nataliya"]
[Result "0-1"]
[WhiteElo "2192"]
[BlackElo "2405"]
[Annotator "TA"]
[PlyCount "238"]
[EventDate "2023.03.15"]
[EventType "swiss"]
[EventCountry "MNE"]
[SourceTitle "playchess.com"]
[Source "ChessBase"]
[SourceQuality "1"]

1. e4 e5 2. Nf3 Nc6 3. Bb5 a6 4. Ba4 Nf6 5. O-O Be7 6. Re1 b5 7. Bb3 O-O 8. a4 Bb7 9. d3 d6 10. Nbd2 Nd7 11. Nf1 bxa4 12. Bxa4 Nc5 13. Bxc6 Bxc6 14. Ne3 Re8 15. Nd5 Bf8 16. Be3 Ne6 17. Nd2 g6 18. Nb3 Bg7 19. Nb4 Bb7 20. Na5 Bc8 21. Nbc6 Qh4 22. Qf3 Bd7 23. Ra3 Nf4 24. Bxf4 exf4 25. d4 g5 26. h3 Re6 27. d5 Ree8 28. Rb3 f5 29. Rb7 Rac8 30. Re2 g4 31. hxg4 fxe4 32. Rxe4 Rxe4 33. Qxe4 Re8 34. Rb8 Rxb8 35. Nxb8 Qxg4 36. f3 Qh4 37. Nac6 Bxc6 38. Nxc6 Bxb2 39. Ne7+ Kf8 40. Nf5 Qf6 41. Qxf4 Bc1 42. Qg4 Qg6 43. Qe4 Qf6 44. Nd4 Qg6 45. Ne6+ Kf7 46. Qc4 Be3+ 47. Kf1 Bb6 48. Qh4 Qf5 49. Ng5+ Kg8 50. Ne4 Kf7 51. c4 a5 52. Ke2 h5 53. Qd8 Qe5 54. Qd7+ Kf8 55. Qd8+ Kf7 56. c5 Bxc5 57. Qxc7+ Kg6 58. Qxa5 Qxd5 59. Qa4 Qe5 60. Kf1 Bd4 61. Qc6 Bc5 62. Qa8 Qe6 63. Qa6 Qe5 64. Qa2 Kg7 65. Nxc5 dxc5 66. Qa7+ Kf6 67. Qb6+ Ke7 68. Qb7+ Kd6 69. Qa6+ Kd5 70. Qd3+ Ke6 71. Qa6+ Kf7 72. Qb7+ Kf6 73. Qa6+ Kg5 74. Qc4 Qd4 75. Qg8+ Kf4 76. Qf7+ Ke3 77. Qe8+ Kd2 78. Qe2+ Kc1 79. Qe1+ Kb2 80. Qe2+ Ka3 81. Qa6+ Kb3 82. Qb5+ Kc3 83. Qa5+ Qb4 84. Qa1+ Kc2 85. Qa2+ Qb2 86. Qc4+ Qc3 87. Qa4+ Qb3 88. Qe8 Qd3+ 89. Kf2 Qd4+ 90. Kg3 h4+ 91. Kh3 c4 92. Qa4+ Kd2 93. Qb4+ Ke2 94. Qa4 Ke3 95. Qe8+ Kd3 96. Qe1 Kc2 97. Qe2+ Kb3 98. g4 c3 99. Qb5+ Qb4 100. Qd5+ Kb2 101. Qe5 Kb1 102. Qe1+ Ka2 103. Qe2+ Kb3 104. Qe3 Qd6 105. f4 Kb2 106. Qe2+ c2 107. Qb5+ Kc3 108. Qa5+ Kd3 109. Qb5+ Kd2 110. Qb2 Qxf4 111. Kxh4 Qc4 112. Kh5 Kd1 113. Qa3 c1=Q 114. Qf3+ Kc2 115. Qf5+ Kb2 116. Qf6+ Q1c3 117. Qb6+ Ka3 118. Qa7+ Kb4 119. g5 Qh8+ 0-1

[Event "European Women-ch 2023"]
[Site "Petrovac"]
[Date "2023.03.20"]
[Round "3.2"]
[White "Zhezhovska, Monika"]
[Black "Gajcin, Marina"]
[Result "0-1"]
[WhiteElo "1761"]
[BlackElo "2215"]
[Annotator "TA"]
[PlyCount "96"]
[EventDate "2023.03.15"]
[EventType "swiss"]
[EventCountry "MNE"]
[SourceTitle "playchess.com"]
[Source "ChessBase"]
[SourceQuality "1"]

1. d4 Nf6 2. c4 g6 3. Nc3 d5 4. Nf3 Bg7 5. cxd5 Nxd5 6. e4 Nxc3 7. bxc3 c5 8. Be3 Qa5 9. Qd2 O-O 10. Rb1 a6 11. Rc1 Nc6 12. d5 Rd8 13. Bd3 Bg4 14. dxc6 Bxf3 15. cxb7 Rab8 16. gxf3 c4 17. Bd4 cxd3 18. Rb1 Qc7 19. Bxg7 Kxg7 20. O-O Rxb7 21. Rxb7 Qxb7 22. Rd1 Qb5 23. Kg2 h6 24. f4 a5 25. f3 a4 26. Qc1 Qc4 27. Rd2 Rb8 28. Qd1 a3 29. Qc1 Rb2 30. Rxb2 axb2 31. Qxb2 Qa4 32. c4+ Kh7 33. Qe5 Qxa2+ 34. Kg3 Qxc4 35. Qxe7 h5 36. f5 gxf5 37. Qg5 Qc7+ 38. Kh3 fxe4 39. Qxh5+ Kg7 40. Qg5+ Kf8 41. Qh6+ Ke8 42. fxe4 Qc5 43. Qf4 Qd4 44. Kg3 d2 45. Qb8+ Ke7 46. Qc7+ Ke6 47. Qc8+ Qd7 48. Qc4+ Ke7 0-1

[Event "European Women-ch 2023"]
[Site "Petrovac"]
[Date "2023.03.20"]
[Round "3.3"]
[White "Milliet, Sophie"]
[Black "Radeva, Viktoria"]
[Result "1/2-1/2"]
[WhiteElo "2404"]
[BlackElo "2247"]
[Annotator "TA"]
[PlyCount "76"]
[EventDate "2023.03.15"]
[EventType "swiss"]
[EventCountry "MNE"]
[SourceTitle "playchess.com"]
[Source "ChessBase"]
[SourceQuality "1"]

1. d4 d5 2. c4 e6 3. Nf3 Nf6 4. g3 dxc4 5. Bg2 c5 6. O-O Nc6 7. dxc5 Qxd1 8. Rxd1 Bxc5 9. Nbd2 c3 10. bxc3 O-O 11. Nb3 Be7 12. Nfd4 Nxd4 13. cxd4 Nd5 14. Bd2 Bd7 15. e4 Nf6 16. Bf4 Rfd8 17. d5 exd5 18. exd5 Ba3 19. Bc7 Re8 20. Na5 Ba4 21. Nxb7 Bxd1 22. Rxd1 Re2 23. d6 Rae8 24. Ba5 Rxa2 25. d7 Nxd7 26. Rxd7 Ra1+ 27. Bf1 Bf8 28. Rd5 Rb8 29. Rb5 Rxb7 30. Rxb7 Rxa5 31. Bc4 Rf5 32. Rxa7 Rxf2 33. Kxf2 Bc5+ 34. Kf3 Bxa7 35. g4 g6 36. h4 Kg7 37. h5 gxh5 38. gxh5 f6 1/2-1/2

[Event "European Women-ch 2023"]
[Site "Petrovac"]
[Date "2023.03.20"]
[Round "3.3"]
[White "Vega Gutierrez, Sabrina"]
[Black "Socko, Monika"]
[Result "1/2-1/2"]
[WhiteElo "2361"]
[BlackElo "2432"]
[Annotator "TA"]
[PlyCount "107"]
[EventDate "2023.03.15"]
[EventType "swiss"]
[EventCountry "MNE"]
[SourceTitle "playchess.com"]
[Source "ChessBase"]
[SourceQuality "1"]

1. e4 e6 2. d4 d5 3. e5 c5 4. c3 Nc6 5. Nf3 Bd7 6. Be2 Nge7 7. O-O Ng6 8. Na3 cxd4 9. cxd4 f6 10. Bd3 Be7 11. exf6 Bxf6 12. Bxg6+ hxg6 13. Qd3 O-O 14. Bd2 Rc8 15. Rfe1 Qe7 16. Nc2 Qf7 17. Ne3 e5 18. dxe5 Nxe5 19. Nxe5 Bxe5 20. Qxd5 Bxb2 21. Qxf7+ Rxf7 22. Rab1 Ba3 23. Rxb7 Be6 24. Rxf7 Kxf7 25. Rb1 Rc7 26. Kf1 Re7 27. Rb5 Bd6 28. a4 Bf4 29. Ke1 Rd7 30. a5 Re7 31. g3 Bc7 32. Bb4 Rd7 33. Rb7 Be5 34. Rxd7+ Bxd7 35. Ke2 Bb5+ 36. Kd2 Bd4 37. Bc3 Bxe3+ 38. fxe3 a6 39. h4 Bc4 40. e4 Bb5 41. Ke3 Bc6 42. Kf4 Bb7 43. Ke5 Bc6 44. g4 Bb7 45. g5 Bc6 46. Kd4 Bb7 47. e5 Bf3 48. Kc5 Ke6 49. Kb6 Be2 50. Kc7 Bb5 51. Kd8 Ba4 52. Bb4 Kxe5 53. Ke7 Bd1 54. Kf7 1/2-1/2

[Event "European Women-ch 2023"]
[Site "Petrovac"]
[Date "2023.03.20"]
[Round "3.3"]
[White "Rudzinska, Michalina"]
[Black "Shuqja, Klean"]
[Result "1-0"]
[WhiteElo "2212"]
[BlackElo "1884"]
[Annotator "TA"]
[PlyCount "77"]
[EventDate "2023.03.15"]
[EventType "swiss"]
[EventCountry "MNE"]
[SourceTitle "playchess.com"]
[Source "ChessBase"]
[SourceQuality "1"]

1. e4 c6 2. d4 d5 3. f3 dxe4 4. fxe4 e5 5. Nf3 exd4 6. Bc4 Bb4+ 7. c3 dxc3 8. Qxd8+ Kxd8 9. bxc3 Bd6 10. e5 Bc5 11. Bxf7 Nh6 12. Bxh6 gxh6 13. Nbd2 Bf5 14. Nb3 Bb6 15. Nbd4 Bg6 16. Bxg6 hxg6 17. O-O-O Ke7 18. h4 Nd7 19. h5 Bxd4 20. Rxd4 g5 21. Re1 Rad8 22. e6 Nc5 23. Ne5 Rhe8 24. Ng6+ Kf6 25. Rxd8 Rxd8 26. e7 Re8 27. Kc2 Na4 28. Rf1+ Ke6 29. Rf8 Kd7 30. Rf7 Nb6 31. Rh7 Nd5 32. Rxh6 Ne3+ 33. Kd3 Nxg2 34. Ke4 Nh4 35. Rh7 Nxg6 36. hxg6 Ke6 37. g7 Kf7 38. Kf5 g4 39. Rh8 1-0

[Event "European Women-ch 2023"]
[Site "Petrovac"]
[Date "2023.03.20"]
[Round "3.4"]
[White "Narva, Mai"]
[Black "Abdulla, Khayala"]
[Result "1/2-1/2"]
[WhiteElo "2389"]
[BlackElo "2221"]
[Annotator "TA"]
[PlyCount "139"]
[EventDate "2023.03.15"]
[EventType "swiss"]
[EventCountry "MNE"]
[SourceTitle "playchess.com"]
[Source "ChessBase"]
[SourceQuality "1"]

1. e4 e5 2. Nf3 Nc6 3. Bb5 a6 4. Ba4 d6 5. c3 Bd7 6. O-O g6 7. d4 Bg7 8. h3 Nf6 9. Re1 O-O 10. Bc2 Re8 11. Nbd2 a5 12. d5 Ne7 13. c4 Nh5 14. Nf1 h6 15. Ne3 Nf4 16. h4 b5 17. g3 Nh5 18. Qe2 bxc4 19. Bd2 c6 20. dxc6 Nxc6 21. Qxc4 Rc8 22. Qd3 Be6 23. Bc3 Qf6 24. Nd5 Bxd5 25. exd5 Nb4 26. Bxb4 axb4 27. Nd2 Qd8 28. Bd1 Nf6 29. Ba4 Rf8 30. Rac1 Ng4 31. Rc6 f5 32. Qe2 h5 33. Nc4 Rxc6 34. dxc6 f4 35. Qd3 fxg3 36. fxg3 Qf6 37. Rf1 Qe6 38. Rxf8+ Bxf8 39. Bb3 d5 40. Nxe5 Bc5+ 41. Kg2 Ne3+ 42. Kh2 Qxe5 43. Qxg6+ Kf8 44. c7 Qxc7 45. Bxd5 Nxd5 46. Qf5+ Qf7 47. Qc8+ Kg7 48. Qxc5 Qf3 49. a4 Nf6 50. Qc7+ Kf8 51. Qc5+ Ke8 52. Qc8+ Ke7 53. Qc5+ Ke6 54. Qb6+ Ke5 55. Qb8+ Ke6 56. Qb6+ Kf7 57. Qc7+ Kg6 58. Qc2+ Ne4 59. Qc6+ Kf5 60. Qd5+ Kf6 61. Qc6+ Ke5 62. Qb5+ Ke6 63. Qc6+ Ke5 64. Qb5+ Ke6 65. Qc6+ Kf7 66. Qd7+ Kg6 67. Qc6+ Kg7 68. Qb7+ Kf6 69. Qc6+ Ke5 70. Qb5+ 1/2-1/2

[Event "European Women-ch 2023"]
[Site "Petrovac"]
[Date "2023.03.20"]
[Round "3.4"]
[White "Tsolakidou, Stavroula"]
[Black "Badelka, Olga"]
[Result "1/2-1/2"]
[WhiteElo "2358"]
[BlackElo "2428"]
[Annotator "TA"]
[PlyCount "69"]
[EventDate "2023.03.15"]
[EventType "swiss"]
[EventCountry "MNE"]
[SourceTitle "playchess.com"]
[Source "ChessBase"]
[SourceQuality "1"]

1. e4 e5 2. Nf3 Nc6 3. Bb5 Nf6 4. O-O Nxe4 5. Re1 Nd6 6. a4 Be7 7. Nc3 a6 8. Bf1 e4 9. Nxe4 Nxe4 10. Rxe4 d5 11. Re1 Bg4 12. h3 Bh5 13. Be2 O-O 14. d4 Bd6 15. Ne5 Bxe2 16. Rxe2 Ne7 17. c3 c6 18. Bf4 Re8 19. Qd2 Bxe5 20. dxe5 Qd7 21. Rae1 Ng6 22. Bh2 c5 23. f4 Rad8 24. g4 d4 25. f5 Nf8 26. cxd4 cxd4 27. a5 Qb5 28. Rd1 Rd5 29. Re4 d3 30. Re3 Red8 31. Bg3 h6 32. e6 fxe6 33. fxe6 Re8 34. e7 Ng6 35. Rxd3 1/2-1/2

[Event "European Women-ch 2023"]
[Site "Petrovac"]
[Date "2023.03.20"]
[Round "3.4"]
[White "Kubicka, Anna"]
[Black "Maras, Marija Mia"]
[Result "1-0"]
[WhiteElo "2211"]
[BlackElo "1051"]
[Annotator "TA"]
[PlyCount "45"]
[EventDate "2023.03.15"]
[EventType "swiss"]
[EventCountry "MNE"]
[SourceTitle "playchess.com"]
[Source "ChessBase"]
[SourceQuality "1"]

1. e4 c5 2. Nf3 Nc6 3. c3 g6 4. d4 cxd4 5. cxd4 e6 6. d5 exd5 7. exd5 Qa5+ 8. Nc3 Nce7 9. d6 Nf5 10. Qe2+ Kd8 11. Ng5 Nxd6 12. Bf4 Bg7 13. O-O-O Bxc3 14. Rxd6 Qxa2 15. bxc3 Qa1+ 16. Kd2 Qb2+ 17. Kd1 Qb3+ 18. Qc2 Qxc2+ 19. Kxc2 Ke7 20. Bc4 Nf6 21. Re1+ Kf8 22. Rxf6 b6 23. Rxf7+ 1-0

[Event "European Women-ch 2023"]
[Site "Petrovac"]
[Date "2023.03.20"]
[Round "3.5"]
[White "Mkrtchian, Lilit"]
[Black "Sandu, Mihaela"]
[Result "1-0"]
[WhiteElo "2379"]
[BlackElo "2211"]
[Annotator "TA"]
[PlyCount "51"]
[EventDate "2023.03.15"]
[EventType "swiss"]
[EventCountry "MNE"]
[SourceTitle "playchess.com"]
[Source "ChessBase"]
[SourceQuality "1"]

1. Nf3 Nf6 2. c4 e6 3. g3 d5 4. Bg2 d4 5. d3 Nc6 6. O-O Bc5 7. e3 e5 8. exd4 Bxd4 9. Nbd2 O-O 10. Nb3 Bg4 11. h3 Bxf3 12. Qxf3 a5 13. Bg5 a4 14. Nxd4 Nxd4 15. Qxb7 Rb8 16. Qa6 Rxb2 17. Qxa4 Ne2+ 18. Kh1 Qxd3 19. Bxf6 gxf6 20. Qc6 Qc2 21. a4 Rd8 22. a5 Rd2 23. Qxf6 Qxc4 24. Qg5+ Kf8 25. a6 Ra2 26. a7 1-0

[Event "European Women-ch 2023"]
[Site "Petrovac"]
[Date "2023.03.20"]
[Round "3.5"]
[White "Humbatova, Nazli"]
[Black "Stefanova, Antoaneta"]
[Result "0-1"]
[WhiteElo "1737"]
[BlackElo "2435"]
[Annotator "TA"]
[PlyCount "76"]
[EventDate "2023.03.15"]
[EventType "swiss"]
[EventCountry "MNE"]
[SourceTitle "playchess.com"]
[Source "ChessBase"]
[SourceQuality "1"]

1. e4 e5 2. Nf3 Nc6 3. Bb5 a6 4. Ba4 Nge7 5. c3 g6 6. O-O Bg7 7. d4 b5 8. Bc2 exd4 9. cxd4 O-O 10. Bg5 h6 11. Be3 f5 12. Qc1 Kh7 13. h4 Nb4 14. exf5 Nxf5 15. h5 gxh5 16. Bxf5+ Rxf5 17. a3 Nd5 18. Qc2 d6 19. Nc3 Nxc3 20. bxc3 Kh8 21. Rad1 Bd7 22. d5 Rxf3 23. gxf3 Qh4 24. Qe4 Qh3 25. Bf4 Bf5 26. Qe7 Qxf3 27. Qe3 Qg4+ 28. Qg3 Rg8 29. Qxg4 Bxg4 30. Rb1 Bf5 31. Kh1 Bxb1 32. Rxb1 Rf8 33. Be3 Bxc3 34. Rc1 Ba5 35. Bd4+ Kh7 36. Rg1 Rf7 37. Kg2 Rf5 38. Kh2 Rg5 0-1

[Event "European Women-ch 2023"]
[Site "Petrovac"]
[Date "2023.03.20"]
[Round "3.6"]
[White "Kiolbasa, Oliwia"]
[Black "Brunello, Marina"]
[Result "1-0"]
[WhiteElo "2406"]
[BlackElo "2346"]
[Annotator "TA"]
[PlyCount "61"]
[EventDate "2023.03.15"]
[EventType "swiss"]
[EventCountry "MNE"]
[SourceTitle "playchess.com"]
[Source "ChessBase"]
[SourceQuality "1"]

1. e4 c5 2. Nf3 d6 3. d4 cxd4 4. Nxd4 Nf6 5. Nc3 a6 6. h3 e5 7. Nb3 Be6 8. f4 exf4 9. Bxf4 Be7 10. Qe2 Nbd7 11. O-O-O Qc7 12. Kb1 O-O 13. g4 Ne5 14. Nd5 Bxd5 15. exd5 Rfe8 16. g5 Nfd7 17. Qf2 Bf8 18. h4 g6 19. h5 Bg7 20. hxg6 hxg6 21. Rh3 Rac8 22. c3 Nb6 23. Bg2 Na4 24. Rdh1 Qc4 25. Rh7 Ng4 26. Qh4 Re1+ 27. Rxe1 Nxc3+ 28. Ka1 Qa4 29. Rxg7+ Kxg7 30. bxc3 Rxc3 31. Rh1 1-0

[Event "European Women-ch 2023"]
[Site "Petrovac"]
[Date "2023.03.20"]
[Round "3.6"]
[White "Gaponenko, Inna"]
[Black "Chelushkina, Irina"]
[Result "1/2-1/2"]
[WhiteElo "2349"]
[BlackElo "2207"]
[Annotator "TA"]
[PlyCount "54"]
[EventDate "2023.03.15"]
[EventType "swiss"]
[EventCountry "MNE"]
[SourceTitle "playchess.com"]
[Source "ChessBase"]
[SourceQuality "1"]

1. e4 c5 2. Nf3 Nc6 3. Nc3 d6 4. d4 cxd4 5. Nxd4 e5 6. Nf3 Be7 7. Bc4 Nf6 8. Bg5 O-O 9. O-O Bg4 10. Bxf6 Bxf6 11. h3 Be6 12. Nd5 Rc8 13. Bb3 g6 14. Nxf6+ Qxf6 15. Qxd6 Rcd8 16. Qc5 Bxh3 17. Bd5 Bg4 18. Nh2 Bd7 19. c3 h5 20. Rfd1 Kg7 21. Rd3 b6 22. Qe3 Ne7 23. Rad1 Bc8 24. Bb3 Nc6 25. Bd5 Ne7 26. Bb3 Nc6 27. Bd5 Ne7 1/2-1/2

[Event "European Women-ch 2023"]
[Site "Petrovac"]
[Date "2023.03.20"]
[Round "3.6"]
[White "Gueci, Tea"]
[Black "Paasikangas, Johanna"]
[Result "1/2-1/2"]
[WhiteElo "2227"]
[BlackElo "2115"]
[Annotator "TA"]
[PlyCount "146"]
[EventDate "2023.03.15"]
[EventType "swiss"]
[EventCountry "MNE"]
[SourceTitle "playchess.com"]
[Source "ChessBase"]
[SourceQuality "1"]

1. e4 g6 2. d4 Bg7 3. Nc3 d6 4. Be3 c6 5. Qd2 Nd7 6. f3 h5 7. h4 b5 8. Nh3 Nb6 9. Ng5 Nc4 10. Bxc4 bxc4 11. O-O-O Qa5 12. Kb1 Rb8 13. Ka1 Nh6 14. Rb1 d5 15. Rhe1 dxe4 16. Ngxe4 Nf5 17. Bf4 Rb4 18. Nd6+ Nxd6 19. Bxd6 Rb7 20. Be5 O-O 21. Bxg7 Kxg7 22. Re5 Qd8 23. Rc5 e5 24. Rxe5 Qxh4 25. Ne4 Rd7 26. c3 Rd5 27. g3 Qd8 28. Qf4 f6 29. Rxd5 cxd5 30. Nc5 Re8 31. Qd2 Qe7 32. b3 Bf5 33. Rf1 Qe2 34. Qxe2 Rxe2 35. bxc4 dxc4 36. Rd1 Bc2 37. Rc1 Kf7 38. d5 Ke7 39. Ne6 Rd2 40. Nd4 Bd3 41. Re1+ Kd6 42. Re6+ Kxd5 43. Ra6 Rg2 44. Ra5+ Kd6 45. Ra6+ Kc7 46. Rxa7+ Kb6 47. Rh7 Rxg3 48. a4 Rg2 49. Rh8 Bc2 50. Rb8+ Kc7 51. Rb4 h4 52. Nxc2 Rxc2 53. Rxc4+ Kb6 54. Rxh4 Rxc3 55. Rh6 Rxf3 56. Rxg6 Ka5 57. Kb2 Kxa4 58. Kc2 Kb4 59. Kd2 Kc4 60. Ke2 Rf5 61. Rg8 Kd4 62. Ra8 Rb5 63. Re8 Rb3 64. Kf2 Kd5 65. Re7 Kd6 66. Re8 Rb5 67. Kf3 Rf5+ 68. Kg4 Re5 69. Ra8 Ke6 70. Re8+ Kd6 71. Ra8 Ke7 72. Kf4 Kf7 73. Rb8 Kg6 1/2-1/2

[Event "European Women-ch 2023"]
[Site "Petrovac"]
[Date "2023.03.20"]
[Round "3.7"]
[White "Savina, Anastasia"]
[Black "Zaksaite, Salomeja"]
[Result "1/2-1/2"]
[WhiteElo "2345"]
[BlackElo "2187"]
[Annotator "TA"]
[PlyCount "137"]
[EventDate "2023.03.15"]
[EventType "swiss"]
[EventCountry "MNE"]
[SourceTitle "playchess.com"]
[Source "ChessBase"]
[SourceQuality "1"]

1. Nf3 Nf6 2. c4 g6 3. Nc3 Bg7 4. e4 d6 5. d4 O-O 6. Be2 e5 7. O-O exd4 8. Nxd4 Re8 9. f3 Nc6 10. Be3 Nh5 11. Nc2 f5 12. Qd2 Be6 13. Nd5 Qd7 14. Bg5 Rac8 15. Rae1 Bxb2 16. f4 Qg7 17. Bxh5 gxh5 18. Rb1 Rf8 19. e5 dxe5 20. Rxb2 exf4 21. Bf6 Rxf6 22. Nxf6+ Qxf6 23. Rxb7 Bxc4 24. Rxf4 Rd8 25. Qe1 Bd3 26. Nb4 Be4 27. Nxc6 Qxc6 28. Rb3 Qc2 29. Qg3+ Kh8 30. Qc3+ Qxc3 31. Rxc3 Rd2 32. Rxc7 Rxg2+ 33. Kf1 Rxa2 34. Rf2 Ra1+ 35. Ke2 h4 36. Ke3 Rg1 37. Rd2 Bb1 38. Kf4 Rg4+ 39. Ke5 h3 40. Rxa7 Rg8 41. Rb7 Be4 42. Rc7 Bb1 43. Rd1 Rb8 44. Rdd7 f4 45. Rb7 Rxb7 46. Rxb7 Bc2 47. Kxf4 h6 48. Ke5 Bd3 49. Kf6 Bc2 50. Rb4 Kh7 51. Rc4 Bb1 52. Rh4 Bc2 53. Rxh3 Bb1 54. Rc3 Be4 55. Rc7+ Kg8 56. Ke5 Bg6 57. Rb7 Bc2 58. Kf4 Bd3 59. Kg4 Bg6 60. Rc7 Kh8 61. h4 Kg8 62. h5 Bd3 63. Kf4 Kh8 64. Ke5 Kg8 65. Kf6 Kh8 66. Rg7 Bc2 67. Kf7 Bd3 68. Rg6 Kh7 69. Rg7+ 1/2-1/2

[Event "European Women-ch 2023"]
[Site "Petrovac"]
[Date "2023.03.20"]
[Round "3.7"]
[White "Mkrtchyan, Mariam"]
[Black "Maltsevskaya, Aleksandra"]
[Result "0-1"]
[WhiteElo "2343"]
[BlackElo "2388"]
[Annotator "TA"]
[PlyCount "62"]
[EventDate "2023.03.15"]
[EventType "swiss"]
[EventCountry "MNE"]
[SourceTitle "playchess.com"]
[Source "ChessBase"]
[SourceQuality "1"]

1. d4 Nf6 2. c4 g6 3. Nf3 Bg7 4. g3 c5 5. Bg2 Qa5+ 6. Nc3 Ne4 7. Qd3 cxd4 8. Nxd4 Nc5 9. Qd1 Nc6 10. e3 Ne6 11. Nde2 Qb4 12. Bd5 Nc7 13. a3 Qd6 14. Nb5 Nxb5 15. cxb5 e6 16. bxc6 exd5 17. cxb7 Bxb7 18. Nd4 Ba6 19. b3 O-O 20. Bb2 Qe5 21. Qg4 Rac8 22. Rd1 Rc2 23. Rd2 Rfc8 24. Kd1 R2c5 25. Qf4 Qe8 26. Ne2 Bxb2 27. Rxb2 d6 28. Qa4 Bb5 29. Qd4 Qc6 30. Re1 Rc1+ 31. Kd2 Qc2+ 0-1

[Event "European Women-ch 2023"]
[Site "Petrovac"]
[Date "2023.03.20"]
[Round "3.7"]
[White "Jarocka, Liwia"]
[Black "Aydin, Gulenay"]
[Result "1-0"]
[WhiteElo "2181"]
[BlackElo "2039"]
[Annotator "TA"]
[PlyCount "85"]
[EventDate "2023.03.15"]
[EventType "swiss"]
[EventCountry "MNE"]
[SourceTitle "playchess.com"]
[Source "ChessBase"]
[SourceQuality "1"]

1. d4 Nf6 2. c4 g6 3. Nc3 Bg7 4. e4 d6 5. h3 Nbd7 6. Be3 e5 7. d5 Nc5 8. Qc2 a5 9. g4 O-O 10. g5 Nh5 11. O-O-O Bd7 12. h4 a4 13. Bh3 Qe8 14. Bxd7 Qxd7 15. Nge2 f5 16. Bxc5 dxc5 17. d6 cxd6 18. Nb5 fxe4 19. Nec3 a3 20. Nxe4 axb2+ 21. Kxb2 Nf4 22. Rxd6 Qg4 23. Qd1 Qf5 24. Nbc3 Qf7 25. Nd5 Kh8 26. h5 Nxh5 27. Qc2 Qf3 28. Rh4 Ra6 29. Rd7 Rfa8 30. Ndc3 Rb6+ 31. Ka1 Rb4 32. Rd3 Qg2 33. Qd1 Rf8 34. Nd5 b5 35. Nxb4 cxb4 36. Rg4 Qh2 37. cxb5 Nf4 38. Rd8 Ne6 39. Rxf8+ Bxf8 40. b6 Nc5 41. Nxc5 Bxc5 42. Qd8+ Kg7 43. Qc7+ 1-0

[Event "European Women-ch 2023"]
[Site "Petrovac"]
[Date "2023.03.20"]
[Round "3.8"]
[White "Beydullayeva, Govhar"]
[Black "Garcia Martin, Marta"]
[Result "1-0"]
[WhiteElo "2388"]
[BlackElo "2306"]
[Annotator "TA"]
[PlyCount "63"]
[EventDate "2023.03.15"]
[EventType "swiss"]
[EventCountry "MNE"]
[SourceTitle "playchess.com"]
[Source "ChessBase"]
[SourceQuality "1"]

1. d4 Nf6 2. c4 e6 3. Nf3 d5 4. Nc3 Bb4 5. Bg5 h6 6. Bxf6 Qxf6 7. e3 O-O 8. Rc1 Nc6 9. Qb3 a5 10. cxd5 a4 11. Qc2 exd5 12. a3 Bf5 13. Qd1 Bxc3+ 14. Rxc3 Ne7 15. Ne5 c6 16. Bd3 Qe6 17. O-O Rfc8 18. Qc2 Ra5 19. Bxf5 Qxf5 20. Nd3 Rca8 21. f3 Nc8 22. e4 dxe4 23. Nc5 Qf6 24. Qxe4 Nd6 25. Qe5 Qd8 26. d5 b6 27. Rd1 Rc8 28. Ne4 Ne8 29. Rcd3 Nc7 30. Nd6 Rb8 31. Nf5 Ne8 32. Ne7+ 1-0

[Event "European Women-ch 2023"]
[Site "Petrovac"]
[Date "2023.03.20"]
[Round "3.8"]
[White "Lach, Aleksandra"]
[Black "Bluebaum, Johanna"]
[Result "1-0"]
[WhiteElo "2170"]
[BlackElo "1954"]
[Annotator "TA"]
[PlyCount "47"]
[EventDate "2023.03.15"]
[EventType "swiss"]
[EventCountry "MNE"]
[SourceTitle "playchess.com"]
[Source "ChessBase"]
[SourceQuality "1"]

1. e4 e6 2. d4 d5 3. Nc3 Nf6 4. exd5 exd5 5. Bg5 Be7 6. Qd2 h6 7. Bf4 c6 8. O-O-O Bf5 9. f3 Nbd7 10. Re1 O-O 11. g4 Bh7 12. h4 h5 13. Bd3 Bxd3 14. Qxd3 Nb6 15. Kb1 Nc4 16. Bc1 g6 17. Nh3 Bd6 18. Ng5 Re8 19. Reg1 hxg4 20. h5 Qe7 21. hxg6 fxg6 22. Rh6 g3 23. Rxg6+ Kf8 24. Qf5 1-0